[Event "Biel Rapid op 57th"]
[Site "Biel"]
[Date "2024.07.14"]
[Round "4"]
[White "Bonanomi, Silvan"]
[Black "Akhmediyar, Yernur"]
[Result "1-0"]
[WhiteElo "1924"]
[BlackElo "1751"]
[PlyCount "93"]
[EventDate "2024.07.14"]
[EventType "swiss (rapid)"]
[EventRounds "9"]
[EventCountry "SUI"]
[SourceTitle "EXT 2025"]
[Source "ChessBase"]
[SourceDate "2024.10.14"]
[SourceVersion "1"]
[SourceVersionDate "2024.10.14"]
[SourceQuality "1"]

1. e4 c5 2. c3 Nf6 3. e5 Nd5 4. Bc4 Nb6 5. Bb3 d6 6. exd6 Qxd6 7. d4 cxd4 8. cxd4 g6 9. Nc3 Bg7 10. Nge2 0-0 11. 0-0 Nc6 12. Bf4 Qd8 13. d5 Na5 14. Re1 Nac4 15. Bxc4 Nxc4 16. Qb3 Nd6 17. Rad1 b6 18. Nd4 Bb7 19. Ndb5 Qd7 20. Nxd6 exd6 21. Nb5 Qg4 22. Bxd6 Rfe8 23. Bg3 h5 24. Rxe8+ Rxe8 25. Nd6 Re7 26. Nxb7 Rxb7 27. h3 Qg5 28. a4 h4 29. Bh2 Rd7 30. d6 Be5 31. Bxe5 Qxe5 32. Qc3 Qe6 33. Re1 Rxd6 34. Rxe6 Rxe6 35. Qd4 a6 36. Qxh4 Kg7 37. Qd4+ Kf8 38. b4 Ke7 39. f4 f5 40. Kf2 Rd6 41. Qg7+ Kd8 42. Qg8+ Kc7 43. Qc4+ Kb7 44. g4 Rc6 45. Qd5 Kc7 46. gxf5 gxf5 47. Qxf5 1-0

[Event "Biel Rapid op 57th"]
[Site "Biel"]
[Date "2024.07.14"]
[Round "2"]
[White "Bonanomi, Silvan"]
[Black "Georgescu, Lena"]
[Result "0-1"]
[WhiteElo "1924"]
[BlackElo "2209"]
[PlyCount "92"]
[EventDate "2024.07.14"]
[EventType "swiss (rapid)"]
[EventRounds "9"]
[EventCountry "SUI"]
[SourceTitle "EXT 2025"]
[Source "ChessBase"]
[SourceDate "2024.10.14"]
[SourceVersion "1"]
[SourceVersionDate "2024.10.14"]
[SourceQuality "1"]

1. e4 e5 2. Nf3 Nc6 3. c3 Nf6 4. d4 exd4 5. e5 Nd5 6. Qb3 Nb6 7. cxd4 d5 8. Bd3 Bg4 9. Be3 Qd7 10. Nbd2 Be7 11. 0-0 Bf5 12. a3 0-0 13. Qc2 Bxd3 14. Qxd3 f6 15. b3 Qe6 16. Bf4 fxe5 17. Bxe5 Nxe5 18. Nxe5 Nd7 19. Rfe1 Nxe5 20. dxe5 Bc5 21. Nf3 c6 22. b4 Bb6 23. Re2 h6 24. h3 Rf4 25. Raa2 Raf8 26. Kh2 g5 27. Rab2 Kg7 28. a4 g4 29. hxg4 Qxg4 30. a5 Bc7 31. Re3 Rxf3 32. gxf3 Bxe5+ 33. f4 Bxf4+ 34. Rg3 Bxg3+ 35. fxg3 Qh5+ 36. Kg2 Qf5 37. Qd4+ Qf6 38. Qg4+ Kh7 39. Qe2 Rf7 40. a6 bxa6 41. Ra2 Re7 42. Qd3+ Qg6 43. Qd2 Qe4+ 44. Kh3 Qh1+ 45. Kg4 Rg7+ 46. Kf4 Qe4# 0-1

[Event "Biel Rapid op 57th"]
[Site "Biel"]
[Date "2024.07.14"]
[Round "9"]
[White "Erne, Raphael"]
[Black "Bonanomi, Silvan"]
[Result "1-0"]
[WhiteElo "2108"]
[BlackElo "1924"]
[PlyCount "97"]
[EventDate "2024.07.14"]
[EventType "swiss (rapid)"]
[EventRounds "9"]
[EventCountry "SUI"]
[SourceTitle "EXT 2025"]
[Source "ChessBase"]
[SourceDate "2024.10.14"]
[SourceVersion "1"]
[SourceVersionDate "2024.10.14"]
[SourceQuality "1"]

1. c4 e5 2. g3 c6 3. Nf3 e4 4. Nd4 Nf6 5. Bg2 d5 6. d3 Bc5 7. Nb3 e3 8. fxe3 Ng4 9. Nxc5 Qa5+ 10. Bd2 Qxc5 11. cxd5 0-0 12. dxc6 Nxc6 13. Nc3 Nxe3 14. Bxe3 Qxe3 15. Qd2 Qd4 16. 0-0-0 Be6 17. Qf4 Qb6 18. Bd5 Bxd5 19. Nxd5 Qa5 20. Nc3 Nb4 21. a3 Nd5 22. Nxd5 Qxd5 23. Kb1 b5 24. Rhf1 a5 25. Rc1 b4 26. a4 Qb3 27. Rc7 Rae8 28. Qf3 f6 29. Qb7 Rf7 30. Rxf7 Qxf7 31. Qxf7+ Kxf7 32. e4 Rd8 33. Kc2 Ke6 34. Rf5 Rc8+ 35. Kb3 Rd8 36. Kc4 Rc8+ 37. Rc5 Ra8 38. d4 g6 39. Rc6+ Ke7 40. Kc5 h5 41. d5 Rd8 42. Rc7+ Rd7 43. d6+ Ke6 44. Rxd7 Kxd7 45. Kd5 g5 46. b3 h4 47. gxh4 gxh4 48. e5 fxe5 49. Kxe5 1-0

[Event "Biel Rapid op 57th"]
[Site "Biel"]
[Date "2024.07.14"]
[Round "5"]
[White "Primbetova, Raikhan"]
[Black "Bonanomi, Silvan"]
[Result "1/2-1/2"]
[WhiteElo "1534"]
[BlackElo "1924"]
[PlyCount "99"]
[EventDate "2024.07.14"]
[EventType "swiss (rapid)"]
[EventRounds "9"]
[EventCountry "SUI"]
[SourceTitle "EXT 2025"]
[Source "ChessBase"]
[SourceDate "2024.10.14"]
[SourceVersion "1"]
[SourceVersionDate "2024.10.14"]
[SourceQuality "1"]

1. c4 e5 2. Nc3 Bb4 3. Nd5 Ba5 4. b4 c6 5. bxa5 cxd5 6. cxd5 Nf6 7. Qb3 Qxa5 8. Bb2 d6 9. Ba3 Qxd5 10. Qxd5 Nxd5 11. Bxd6 Nc6 12. Rc1 Be6 13. e3 Kd7 14. Ba3 Ndb4 15. Bxb4 Nxb4 16. Bb5+ Nc6 17. a3 Bd5 18. Nf3 f6 19. 0-0 a6 20. Bc4 Bxf3 21. gxf3 Rac8 22. Bd5 Kd6 23. Bxc6 Rxc6 24. Rb1 b5 25. Rfd1 Rhc8 26. d4 exd4 27. Rxd4+ Ke6 28. a4 Rc1+ 29. Rxc1 Rxc1+ 30. Kg2 Ra1 31. axb5 axb5 32. Rb4 Ra5 33. e4 Kd6 34. f4 Kc5 35. Rb1 b4 36. e5 f5 37. Kf3 Ra3+ 38. Ke2 Ra2+ 39. Ke3 Ra3+ 40. Ke2 Rh3 41. Rc1+ Kb5 42. Rc8 Rh6 43. Rb8+ Kc5 44. Kf3 Re6 45. Ke3 Re7 46. Kd3 h6 47. h4 Re6 48. Rc8+ Kb5 49. Rb8+ Kc5 50. Rc8+ 1/2-1/2